Loading...
| Current Events | 1 | 20.00 | 100% | 0% | 100% |
| Fine Arts - Classical Music | 2 | 10.00 | 100% | 0% | 0% |
| Fine Arts - Other Fine Arts | 6 | 10.00 | 67% | 17% | 17% |
| Fine Arts - Painting and Sculpture | 5 | 12.00 | 80% | 20% | 20% |
| History - American History | 2 | 10.00 | 100% | 0% | 0% |
| History - European History | 4 | 15.00 | 100% | 25% | 25% |
| History - Other History | 2 | 10.00 | 100% | 0% | 0% |
| History - World History | 4 | 7.50 | 50% | 25% | 0% |
| Literature - American Literature | 3 | 6.67 | 67% | 0% | 0% |
| Literature - British Literature | 3 | 6.67 | 67% | 0% | 0% |
| Literature - European Literature | 3 | 10.00 | 100% | 0% | 0% |
| Literature - World Literature | 4 | 7.50 | 75% | 0% | 0% |
| Mythology | 1 | 10.00 | 100% | 0% | 0% |
| Other Academic | 2 | 15.00 | 100% | 50% | 0% |
| Philosophy | 3 | 13.33 | 100% | 33% | 0% |
| Pop Culture | 1 | 30.00 | 100% | 100% | 100% |
| Religion | 4 | 15.00 | 100% | 50% | 0% |
| Science - Biology | 4 | 12.50 | 100% | 25% | 0% |
| Science - Chemistry | 4 | 22.50 | 100% | 100% | 25% |
| Science - Other Science | 6 | 11.67 | 83% | 33% | 0% |
| Science - Physics | 3 | 13.33 | 100% | 33% | 0% |
| Social Science | 4 | 10.00 | 75% | 25% | 0% |